000 01082cam a2200277 i 4500
005 20160220134320.0
008 080923s1999 ck ao r 000 0 spa d
015 _aSSN
020 _a9586980030
040 _aCO-BoPUJ
_cCO-BoIAVH
_dCO-BoIAVH
041 0 _aspa
043 _acl-----
082 0 4 _a599.51
_bC23g
100 1 _aCapella Alzueta, Juan
245 1 0 _aGuía para el conocimiento y conservación de la :
_byubarta o ballena jorobada Megaptera Novaeangliae (Borowski) /
_cJuan Capella Zuleta, Lilian Florez Gonzalez.
260 _aBogotá :
_bConvenio Andres Bello,
_c1999.
300 _a51 páginas
_bilustraciones y fotos ;
_c28 cm.
490 0 0 _aSerie ciencia y tecnología ;
_v80
504 _aIncluye referencias bibliográficas (p. 39-43).
590 _aTítulo tomado de la carátula.
650 1 4 _aBallenas
_xHábitos y conducta
_zAmérica Latina
650 2 4 _aBallenas
_zAmérica Latina
650 2 4 _aBallenas
_xAspectos económicos
_zAmérica Latina
700 1 _aFlórez González, Lilián,
_eautor.
942 _2ddc
_cLIBRO
999 _c1618
_d1618